Detalles MARC
| 000 -LEADER |
| fixed length control field |
02074nam a2200469 a 4500 |
| 005 - FECHA ULTIMA MODIFICACION |
| control field |
20240412114546.0 |
| 008 - CAMPO DE CONTROL (LIBRO) |
| fixed length control field |
100809t2012 sp a f |||| 00| 0 spa d |
| 020 ## - INTERNATIONAL STANDARD BOOK NUMBER |
| ISBN |
9780736087728 |
| 041 ## - CODIGO DE IDIOMA |
| Código de idioma del texto/pista de sonido o título separado |
spa |
| 092 ## - SIGNATURA TOPOGRAFICA DEWEY LOCAL |
| número de clasificación |
612 |
| libristica |
46 |
| sección |
KEN |
| 100 1# - ENTRADA PRINCIPAL--NOMBRE PERSONAL |
| Nombre personal |
Kenny, W. Larry |
| 9 (RLIN) |
3021 |
| 245 ## - TITULO PROPIAMENTE DICHO |
| Título |
Fisiología del deporte y el ejercicio / |
| Mención de responsabilidad y remanente de la transcripción de la portada |
W. Larry Kenney |
| 250 ## - MENCION DE EDICION |
| Mención de edición |
5a ed. en español de la obra original en inglés |
| 260 ## - PIE DE IMPRENTA |
| Lugar de publicación, distribución, etc |
Madrid: |
| Nombre de la editorial, distribuidor, etc |
Editorial Médica Panamericana; |
| Fecha de publicación |
2012. |
| 300 ## - DESCRIPCION FISICA |
| Extension |
621 p. |
| Otros detalles físicos |
il. |
| 500 ## - NOTA GENERAL |
| Nota general |
Kenney, l. W., Wilmore, J. H. y Costill, D. L. (Col.). (2012). Fisiología del deporte y el ejercicio. (5a ed.). Madrid : Editorial Médica Panamericana. |
| 653 ## - TÉRMINO INDIZADO - PALABRAS CLAVES |
| Palabra clave |
Estructura y funcion del músculo duante el ejercicio |
| 653 ## - TÉRMINO INDIZADO - PALABRAS CLAVES |
| Palabra clave |
Combustible para el ejercicio: bioenergética y metabolismo muscular |
| 653 ## - TÉRMINO INDIZADO - PALABRAS CLAVES |
| Palabra clave |
Control neural de los músculos durante el ejercicio |
| 653 ## - TÉRMINO INDIZADO - PALABRAS CLAVES |
| Palabra clave |
Control hormonal durante el ejercicio |
| 653 ## - TÉRMINO INDIZADO - PALABRAS CLAVES |
| Palabra clave |
Gasto energético y fatiga |
| 653 ## - TÉRMINO INDIZADO - PALABRAS CLAVES |
| Palabra clave |
Aparato cardiovascular y su control |
| 653 ## - TÉRMINO INDIZADO - PALABRAS CLAVES |
| Palabra clave |
Aparato respiratorio y su regulación |
| 653 ## - TÉRMINO INDIZADO - PALABRAS CLAVES |
| Palabra clave |
Respuestas cardiorespiratorias al ejercicio agudo |
| 653 ## - TÉRMINO INDIZADO - PALABRAS CLAVES |
| Palabra clave |
Principios del entrenamiento |
| 653 ## - TÉRMINO INDIZADO - PALABRAS CLAVES |
| Palabra clave |
Adaptaciones al entrenamiento con sobrecarga |
| 653 ## - TÉRMINO INDIZADO - PALABRAS CLAVES |
| Palabra clave |
Adaptaciones al entrenamiento aeróbico y anaeróbico |
| 653 ## - TÉRMINO INDIZADO - PALABRAS CLAVES |
| Palabra clave |
Ejercicio en ambientes calurosos y fríos |
| 653 ## - TÉRMINO INDIZADO - PALABRAS CLAVES |
| Palabra clave |
Ejercicio en la altura |
| 653 ## - TÉRMINO INDIZADO - PALABRAS CLAVES |
| Palabra clave |
Entrenamiento para el deporte |
| 653 ## - TÉRMINO INDIZADO - PALABRAS CLAVES |
| Palabra clave |
Composición corporal y nutrición para el deporte |
| 653 ## - TÉRMINO INDIZADO - PALABRAS CLAVES |
| Palabra clave |
Ayudas ergogénicas y deporte |
| 653 ## - TÉRMINO INDIZADO - PALABRAS CLAVES |
| Palabra clave |
Niños y adolescentes en el deporte y el ejericicio |
| 653 ## - TÉRMINO INDIZADO - PALABRAS CLAVES |
| Palabra clave |
Deporte y ejercicio en adultos mayores |
| 653 ## - TÉRMINO INDIZADO - PALABRAS CLAVES |
| Palabra clave |
Diferencias sexuales en el deporte y el ejercicio |
| 653 ## - TÉRMINO INDIZADO - PALABRAS CLAVES |
| Palabra clave |
Prescripción del ejercicio para la salud y la aptitud física |
| 653 ## - TÉRMINO INDIZADO - PALABRAS CLAVES |
| Palabra clave |
Enfermedades cardiovasculares y actividad física |
| 653 ## - TÉRMINO INDIZADO - PALABRAS CLAVES |
| Palabra clave |
Obesidad, diabetes y actividad física |
| 700 1# - ENTRADAS SECUNDARIAS - NOMBRE PERSONAL |
| Nombre personal |
Wilmore, Jack H. |
| 9 (RLIN) |
3022 |
| 700 1# - ENTRADAS SECUNDARIAS - NOMBRE PERSONAL |
| Nombre personal |
Costill, David L. |
| 9 (RLIN) |
3023 |
| 942 ## - ADDED ENTRY ELEMENTS (KOHA) |
| Source of classification or shelving scheme |
Dewey Decimal Classification |
| Item type |
Libros |